00727nam a2200229 4500003000900000005001700009008004100026040002300067050001700090100001000107245008200117264004400199300002800243336002200271337002400293338002400317500004400341650004200385700003800427942001500465999001700480MX-MxINE20260530115314.0260420b1977 mx |||| |||| 00| 0 spa d aICIbspacICIerda aLC191bA3318 eautor aUn mundo sin escuelas c Ivan illich... [y otros.] ; tr. Marco Antonio Pulido 1a México, d.f. : bNueva vision,c1977 a203 páginasb19.5 cm. 2rdacontentatexto 2rdamediaasin medio 2rdacarrieravolumen aTraduccion de: after deschooling, what? aSociología de la educación925013 1a Illich, Ivan,d1926-2002,eautor 2ddcn0cBK c13490d13490